[Event "Ufa Startsev Memorial"]
[Site "Ufa"]
[Date "2024.02.10"]
[Round "7"]
[White "Kalegin, Evgenij"]
[Black "Bezzubenkov, Sergej"]
[Result "1-0"]
[WhiteElo "2356"]
[BlackElo "2211"]
[PlyCount "147"]
[EventDate "2024.02.06"]
[EventType "swiss"]
[EventRounds "9"]
[EventCountry "RUS"]
[SourceTitle "CBM 218 Extra"]
[Source "ChessBase"]
[SourceDate "2024.03.31"]
[SourceVersion "1"]
[SourceVersionDate "2024.03.31"]
[SourceQuality "1"]

1. e4 e5 2. Nf3 Nc6 3. Bb5 a6 4. Ba4 Nf6 5. d3 Bc5 6. Bxc6 dxc6 7. 0-0 Nd7 8. c3 Qe7 9. d4 Ba7 10. Nbd2 0-0 11. Re1 b5 12. Nf1 c5 13. Ne3 exd4 14. Nd5 Qd8 15. Bf4 Bb8 16. cxd4 c6 17. Bxb8 Rxb8 18. Ne3 cxd4 19. Nxd4 Rb6 20. b4 c5 21. bxc5 Nxc5 22. Rc1 Rd6 23. Nd5 Rxd5 24. exd5 Qxd5 25. Nb3 Qxd1 26. Rcxd1 Nxb3 27. axb3 a5 28. Re5 a4 29. b4 Be6 30. Rxb5 a3 31. Ra5 a2 32. f4 g6 33. Rd2 Rc8 34. Rdxa2 Bxa2 35. Rxa2 Rc4 36. Rb2 Rxf4 37. b5 Re4 38. b6 Re8 39. Kf2 Kf8 40. Kf3 f6 41. b7 Rb8 42. Ke4 Ke7 43. Rb6 Kd8 44. Kd5 Kc7 45. Rxf6 Rd8+ 46. Ke4 Rd7 47. Rb6 Kb8 48. Rb2 Rf7 49. h4 Rf1 50. g3 Rf5 51. Rb3 Rf7 52. Ke5 Rf5+ 53. Ke6 Rf1 54. Rb4 Rf3 55. g4 Rh3 56. g5 Rf3 57. Rd4 Kxb7 58. Rd7+ Kc8 59. Rxh7 Kd8 60. Rh8+ Kc7 61. Rh6 Rf4 62. Rxg6 Rxh4 63. Rg7+ Kc6 64. Kf6 Kd6 65. Rg8 Rf4+ 66. Kg7 Ke7 67. g6 Rf1 68. Ra8 Rg1 69. Ra3 Re1 70. Rf3 Re2 71. Kg8 Rg2 72. g7 Rg1 73. Rh3 Kf6 74. Kh8 1-0

[Event "Cheliabinsk Shusharin Memorial Rapid"]
[Site "Cheliabinsk"]
[Date "2023.11.15"]
[Round "3"]
[White "Bezzubenkov, Sergej"]
[Black "Ovetchkin, Roman"]
[Result "0-1"]
[WhiteElo "2211"]
[BlackElo "2518"]
[PlyCount "78"]
[EventDate "2023.11.15"]
[EventType "swiss (rapid)"]
[EventRounds "11"]
[EventCountry "RUS"]
[SourceTitle "CBM 217 Extra"]
[Source "ChessBase"]
[SourceDate "2024.01.31"]
[SourceVersion "1"]
[SourceVersionDate "2024.01.31"]
[SourceQuality "1"]

1. e4 c6 2. d4 d5 3. Nc3 dxe4 4. Nxe4 Nf6 5. Nxf6+ exf6 6. Be2 Bd6 7. Bf3 0-0 8. Ne2 Re8 9. 0-0 Qc7 10. h3 Nd7 11. c4 Nf8 12. c5 Be7 13. Bf4 Qd8 14. b4 Be6 15. Nc3 Bc4 16. d5 cxd5 17. Bxd5 Bxf1 18. Qxf1 Ne6 19. Bg3 Qd7 20. Qc4 a5 21. b5 Bxc5 22. Bxe6 Bxf2+ 23. Bxf2 Qxe6 24. Qxe6 fxe6 25. Ne4 e5 26. a4 Red8 27. Rc1 Rac8 28. Rxc8 Rxc8 29. Nc5 b6 30. Nd7 Rc1+ 31. Kh2 Rc4 32. Nxb6 Rc2 33. Bg1 f5 34. Nd7 e4 35. Bd4 Rc4 36. Bc5 Rc3 37. Bd4 Rc4 38. Kg3 Rxd4 39. b6 Rxd7 0-1

[Event "Satka Autumn"]
[Site "Satka"]
[Date "2023.09.06"]
[Round "9"]
[White "Isaev, Anton"]
[Black "Bezzubenkov, Sergej"]
[Result "0-1"]
[WhiteElo "2120"]
[BlackElo "2244"]
[PlyCount "112"]
[EventDate "2023.08.29"]
[EventType "swiss"]
[EventRounds "9"]
[EventCountry "RUS"]
[SourceTitle "CBM 216 Extra"]
[Source "ChessBase"]
[SourceDate "2023.11.30"]
[SourceVersion "1"]
[SourceVersionDate "2023.11.30"]
[SourceQuality "1"]

1. d4 Nf6 2. Nf3 g6 3. g3 Bg7 4. Bg2 0-0 5. 0-0 d5 6. c4 dxc4 7. Nc3 c5 8. dxc5 Qa5 9. Qa4 Qxa4 10. Nxa4 Bd7 11. Nc3 Na6 12. Ne5 Nxc5 13. Nxc4 Rac8 14. Ne5 Rfd8 15. Be3 Ng4 16. Nxd7 Nxe3 17. Nxc5 Nxf1 18. Nxb7 Rd2 19. Nd5 Kf8 20. Rb1 Nxh2 21. Kxh2 Rxe2 22. Nf4 Rxf2 23. Rd1 Rxb2 24. a4 Bh6 25. Nd3 Rd2 26. Rxd2 Bxd2 27. Ne5 Rc3 28. Nc5 Be3 29. Ne4 Rc2 30. Ng4 Bd4 31. Ng5 Kg7 32. Nf3 Bf6 33. Nfe5 h5 34. Nxf6 Kxf6 35. Nc6 Ra2 36. a5 Ke6 37. Kg1 Kd6 38. Nxa7 Rxa5 39. Nc8+ Ke6 40. Nb6 Rc5 41. Bf1 Rc2 42. Bc4+ Kf6 43. Nd5+ Kg7 44. Ne3 Rc3 45. Kf2 e5 46. Kf3 f5 47. Be6 Kf6 48. Bd7 Kg5 49. Kf2 Rd3 50. Bb5 Rd2+ 51. Be2 h4 52. g4 fxg4 53. Nc4 g3+ 54. Kf3 g2 55. Nxd2 g1Q 56. Ne4+ Kf5 0-1

[Event "Cheliabinsk Lozovatsky Memorial-A"]
[Site "Cheliabinsk"]
[Date "2023.01.29"]
[Round "3"]
[White "Bezzubenkov, Sergej"]
[Black "Shturman, Arseniy"]
[Result "0-1"]
[WhiteElo "2352"]
[BlackElo "2185"]
[PlyCount "96"]
[EventDate "2023.01.27"]
[EventType "swiss"]
[EventRounds "10"]
[EventCountry "RUS"]
[SourceTitle "CBM 212 Extra"]
[Source "ChessBase"]
[SourceDate "2023.03.31"]
[SourceVersion "1"]
[SourceVersionDate "2023.03.31"]
[SourceQuality "1"]

1. e4 c5 2. Nf3 d6 3. d4 cxd4 4. Qxd4 Nc6 5. Bb5 Bd7 6. Bxc6 Bxc6 7. Nc3 Nf6 8. Bg5 e6 9. 0-0-0 Be7 10. Qd3 Qa5 11. Bd2 d5 12. e5 Ng4 13. Be1 Qb6 14. Qd2 d4 15. Nxd4 Nxe5 16. Qe2 0-0-0 17. Qxe5 Bf6 18. Nxc6 Bxe5 19. Nxe5 Qc5 20. Nd3 Qg5+ 21. Bd2 Qxg2 22. Rhg1 Qxh2 23. Bf4 Qh4 24. Nb5 b6 25. Nd6+ Rxd6 26. Bxd6 Rd8 27. Bg3 Qg5+ 28. Kb1 Qf5 29. Ne5 Rxd1+ 30. Rxd1 Qh5 31. Kc1 Qh6+ 32. f4 Qh3 33. Rd3 h5 34. Rc3+ Kb7 35. Nxf7 a5 36. Ng5 Qf1+ 37. Kd2 h4 38. Bxh4 Qxf4+ 39. Re3 Qxh4 40. Nxe6 g5 41. Re2 Qb4+ 42. Kc1 Qc4 43. Kd2 g4 44. b3 Qd5+ 45. Ke1 Qh1+ 46. Kd2 Qh6+ 47. Kc3 g3 48. Nd4 g2 0-1

[Event "Cheliabinsk Lozovatsky Memorial-A"]
[Site "Cheliabinsk"]
[Date "2023.01.28"]
[Round "2"]
[White "Iljiushenok, Ilia"]
[Black "Bezzubenkov, Sergej"]
[Result "1-0"]
[WhiteElo "2543"]
[BlackElo "2352"]
[PlyCount "191"]
[EventDate "2023.01.27"]
[EventType "swiss"]
[EventRounds "10"]
[EventCountry "RUS"]
[SourceTitle "CBM 212 Extra"]
[Source "ChessBase"]
[SourceDate "2023.03.31"]
[SourceVersion "1"]
[SourceVersionDate "2023.03.31"]
[SourceQuality "1"]

1. d4 c5 2. d5 e5 3. e4 d6 4. Nc3 Be7 5. Nf3 Bg4 6. h3 Bxf3 7. Qxf3 Bg5 8. Qg3 Bxc1 9. Rxc1 Qf6 10. Nb5 Kd8 11. Rb1 a6 12. Nc3 Qg6 13. Qe3 Qh6 14. Qe2 Nd7 15. g3 Ngf6 16. Bg2 Ke7 17. 0-0 Rhe8 18. a4 b6 19. Nd1 Qg6 20. Qf3 Kf8 21. Ne3 Reb8 22. h4 h5 23. Ra1 Ng4 24. Bh3 Nxe3 25. Qxe3 Nf6 26. Bf5 Qh6 27. Qxh6 gxh6 28. Ra3 Re8 29. Rfa1 Ke7 30. Kf1 Rab8 31. Ke2 Rb7 32. Ke3 Rg8 33. Rb3 Ng4+ 34. Ke2 Nf6 35. Rf1 Re8 36. Ra3 Kf8 37. Ke3 Rbb8 38. Rb3 Rb7 39. Ra1 Ke7 40. Rba3 Kf8 41. Ke2 Rbb8 42. Rb3 Rb7 43. Ke3 Rbb8 44. f3 Ke7 45. Bh3 Kd8 46. Bf1 a5 47. Be2 Kc7 48. Rg1 Rg8 49. Ra3 Rg7 50. Raa1 Rbg8 51. Kf2 Kd7 52. c3 Kc7 53. Rab1 Rb8 54. b3 Rgg8 55. Rb2 Rgf8 56. Ke3 Rg8 57. Bb5 Nd7 58. Kf2 Nf8 59. Rgb1 Ng6 60. b4 Ne7 61. Bd3 Rgf8 62. bxa5 bxa5 63. Rb5 Rxb5 64. Rxb5 Ra8 65. f4 exf4 66. gxf4 Ng6 67. Kg3 Rg8 68. Be2 Ne5+ 69. Kf2 Ng4+ 70. Ke1 Nf6 71. e5 Nxd5 72. Bf3 Nxf4 73. Rb7+ Kc8 74. exd6 Rg6 75. Rxf7 Nd3+ 76. Ke2 Rxd6 77. Rf5 Kc7 78. Be4 Nc1+ 79. Ke3 Kb6 80. Bd5 c4 81. Bxc4 Rc6 82. Rb5+ Kc7 83. Kd4 Rd6+ 84. Rd5 Rg6 85. Rxh5 Kd6 86. Ke3 Rg4 87. Rxh6+ Kc5 88. Bb5 Na2 89. Rc6+ Kd5 90. h5 Ke5 91. h6 Rh4 92. Kd2 Rh2+ 93. Kd1 Rh1+ 94. Kc2 Rh2+ 95. Kb1 Kd5 96. h7 1-0

[Event "Cheliabinsk Lozovatsky Memorial-A"]
[Site "Cheliabinsk"]
[Date "2023.01.27"]
[Round "1"]
[White "Bezzubenkov, Sergej"]
[Black "Mikhnenko, Alexander"]
[Result "1-0"]
[WhiteElo "2352"]
[BlackElo "2115"]
[PlyCount "119"]
[EventDate "2023.01.27"]
[EventType "swiss"]
[EventRounds "10"]
[EventCountry "RUS"]
[SourceTitle "CBM 212 Extra"]
[Source "ChessBase"]
[SourceDate "2023.03.31"]
[SourceVersion "1"]
[SourceVersionDate "2023.03.31"]
[SourceQuality "1"]

1. e4 c5 2. Nf3 e6 3. d4 cxd4 4. Nxd4 Nf6 5. Nc3 Nc6 6. Ndb5 Bb4 7. a3 Bxc3+ 8. Nxc3 d5 9. Bd3 dxe4 10. Nxe4 Nxe4 11. Bxe4 Qxd1+ 12. Kxd1 Bd7 13. Be3 f5 14. Bf3 Kf7 15. Kc1 e5 16. Rd1 Be6 17. b3 Rac8 18. Kb2 f4 19. Bc5 Kf6 20. Rd6 Rc7 21. Re1 Re8 22. h4 Ne7 23. Bxa7 Nc8 24. Bb8 Rce7 25. Rd2 Bf5 26. Be4 Nb6 27. Ba7 Bxe4 28. Rxe4 Kf5 29. f3 Nd7 30. Rb4 Nf6 31. Rb5 h6 32. a4 g5 33. hxg5 hxg5 34. Bc5 Rh7 35. Bd6 Rd7 36. Kc1 g4 37. fxg4+ Nxg4 38. Bxe5 Rxd2 39. Bc3+ Rd5 40. Rxd5+ Ke4 41. Rg5 Ne3 42. a5 Nf5 43. Kb2 Rd8 44. b4 Rd5 45. Rg8 Ne3 46. Rg7 Nc4+ 47. Kb3 Nd6 48. Be1 Rd1 49. Rd7 Kd5 50. Bc3 Kc6 51. Rg7 Kd5 52. Rg5+ Ke6 53. b5 Kd7 54. a6 bxa6 55. Rg7+ Kc8 56. bxa6 Rb1+ 57. Ka4 Ne4 58. Bd4 Rd1 59. a7 Rxd4+ 60. Ka3 1-0

[Event "RUS-chT Blitz"]
[Site "Sochi"]
[Date "2022.10.17"]
[Round "2.15"]
[White "Moiseenko, Vadim"]
[Black "Bezzubenkov, Sergej"]
[Result "1-0"]
[WhiteElo "2529"]
[BlackElo "2358"]
[PlyCount "67"]
[EventDate "2022.10.17"]
[EventType "team-swiss (blitz)"]
[EventRounds "13"]
[EventCountry "RUS"]
[SourceTitle "CBM 210 Extra"]
[Source "ChessBase"]
[SourceDate "2022.11.30"]
[SourceVersion "1"]
[SourceVersionDate "2022.11.30"]
[SourceQuality "1"]
[WhiteTeam "Vologodsk Region"]
[BlackTeam "Cheliabinsk Yuzhnyy Ural II"]
[WhiteTeamCountry "RUS"]
[BlackTeamCountry "RUS"]

1. Nf3 Nf6 2. g3 g6 3. Bg2 Bg7 4. 0-0 0-0 5. c4 d5 6. cxd5 Nxd5 7. Nc3 Nb6 8. d3 c6 9. Bf4 Na6 10. Qd2 Re8 11. Rac1 e5 12. Bh6 Bh8 13. Ne4 Be6 14. b4 Bd5 15. Nc5 Nxc5 16. bxc5 Nd7 17. e4 Be6 18. Ng5 Nf8 19. Bxf8 Rxf8 20. Nxe6 fxe6 21. Bh3 Qe7 22. Qb4 Rad8 23. Qb3 Bf6 24. Rc4 Rd4 25. Rxd4 exd4 26. Qxe6+ Qxe6 27. Bxe6+ Kh8 28. Rb1 Re8 29. Bd7 Re5 30. Rxb7 Rxc5 31. Be6 Rc3 32. Bc4 a5 33. f4 Rc2 34. e5 1-0

[Event "RUS-ch Blitz"]
[Site "Sochi"]
[Date "2022.10.14"]
[Round "3"]
[White "Drygalov, Andrey"]
[Black "Bezzubenkov, Sergej"]
[Result "1-0"]
[WhiteElo "2501"]
[BlackElo "2358"]
[PlyCount "73"]
[EventDate "2022.10.14"]
[EventType "swiss (blitz)"]
[EventRounds "13"]
[EventCountry "RUS"]
[SourceTitle "CBM 210 Extra"]
[Source "ChessBase"]
[SourceDate "2022.11.30"]
[SourceVersion "1"]
[SourceVersionDate "2022.11.30"]
[SourceQuality "1"]

1. e4 e5 2. Nf3 Nc6 3. Bc4 Bc5 4. 0-0 Nf6 5. d3 h6 6. c3 d6 7. Re1 0-0 8. h3 a5 9. Nbd2 Be6 10. Bb5 Qb8 11. Nf1 Qa7 12. Be3 Bxe3 13. Nxe3 Ne7 14. a4 c6 15. Bc4 Ng6 16. Qc2 Rfe8 17. Bxe6 fxe6 18. d4 Nh5 19. Nc4 Qb8 20. Rad1 Qc7 21. dxe5 dxe5 22. Rd2 Re7 23. Qb3 Rf8 24. Re3 Nhf4 25. Qb6 Qb8 26. Qxa5 b5 27. axb5 cxb5 28. Nd6 Ra7 29. Qxb5 Ra1+ 30. Kh2 Qd8 31. Nc4 Qf6 32. Ncxe5 Nh4 33. Ng4 Nxf3+ 34. Rxf3 Qg6 35. Qe5 Nh5 36. Rxf8+ Kxf8 37. Rd8+ 1-0

[Event "Cheliabinsk Panchenko Memorial op-A"]
[Site "Cheliabinsk"]
[Date "2022.09.19"]
[Round "8"]
[White "Daneshvar, Bardiya"]
[Black "Bezzubenkov, Sergej"]
[Result "1-0"]
[WhiteElo "2516"]
[BlackElo "2331"]
[PlyCount "45"]
[EventDate "2022.09.12"]
[EventType "swiss"]
[EventRounds "10"]
[EventCountry "RUS"]
[SourceTitle "CBM 210 Extra"]
[Source "ChessBase"]
[SourceDate "2022.11.30"]
[SourceVersion "1"]
[SourceVersionDate "2022.11.30"]
[SourceQuality "1"]

1. c4 e5 2. g3 c6 3. d4 e4 4. d5 Bb4+ 5. Bd2 Qe7 6. Nc3 Nf6 7. a3 Bxc3 8. Bxc3 cxd5 9. cxd5 d6 10. Qa4+ Bd7 11. Qb3 Bf5 12. Bh3 Bxh3 13. Nxh3 Na6 14. Bxf6 gxf6 15. Rc1 0-0 16. 0-0 Rfc8 17. Nf4 Nc5 18. Qe3 Qe5 19. b4 Na4 20. Rxc8+ Rxc8 21. Qxa7 b5 22. Qd7 Rc3 23. Ne6 1-0

[Event "Cheliabinsk Panchenko Memorial op-A"]
[Site "Cheliabinsk"]
[Date "2022.09.15"]
[Round "4"]
[White "Aleksandrov, Aleksej"]
[Black "Bezzubenkov, Sergej"]
[Result "1/2-1/2"]
[WhiteElo "2496"]
[BlackElo "2331"]
[PlyCount "74"]
[EventDate "2022.09.12"]
[EventType "swiss"]
[EventRounds "10"]
[EventCountry "RUS"]
[SourceTitle "CBM 210 Extra"]
[Source "ChessBase"]
[SourceDate "2022.11.30"]
[SourceVersion "1"]
[SourceVersionDate "2022.11.30"]
[SourceQuality "1"]

1. c4 Nf6 2. Nc3 d5 3. cxd5 Nxd5 4. Nf3 g6 5. Qb3 Nb6 6. d4 Bg7 7. Bf4 Be6 8. Qc2 Nc6 9. e4 Nb4 10. Qd2 Nc4 11. Qe2 c6 12. a3 Qa5 13. g3 b5 14. Bg2 Nxb2 15. 0-0 N4d3 16. Bd2 Bc4 17. Rfb1 0-0 18. Qe3 Qc7 19. Qg5 a5 20. Qh4 b4 21. Ne2 bxa3 22. Rxa3 a4 23. Bf1 Qd6 24. Rba1 Qf6 25. Qxf6 exf6 26. Nc1 Nxc1 27. Bxc1 Bxf1 28. Kxf1 Rfb8 29. R3a2 Nd3 30. Bd2 Bf8 31. Rxa4 Rxa4 32. Rxa4 Nb4 33. Bc3 Bd6 34. g4 Nd3 35. Ke2 Nf4+ 36. Kd2 Re8 37. e5 Be7 1/2-1/2

[Event "RUS-chT2"]
[Site "Sochi"]
[Date "2022.05.02"]
[Round "2.1"]
[White "Kezin, Roman"]
[Black "Bezzubenkov, Sergej"]
[Result "1-0"]
[WhiteElo "2510"]
[BlackElo "2301"]
[PlyCount "51"]
[EventDate "2022.05.01"]
[EventType "team-swiss"]
[EventRounds "9"]
[EventCountry "RUS"]
[SourceTitle "CBM 208 Extra"]
[Source "ChessBase"]
[SourceDate "2022.07.31"]
[SourceVersion "1"]
[SourceVersionDate "2022.07.31"]
[SourceQuality "1"]
[WhiteTeam "Novosibirsk Region"]
[BlackTeam "Cheliabinsk Yuzhnyy Ural II"]
[WhiteTeamCountry "RUS"]
[BlackTeamCountry "RUS"]

1. d4 Nf6 2. c4 b6 3. Nc3 Bb7 4. Qc2 d5 5. cxd5 Nxd5 6. e4 Nxc3 7. bxc3 e5 8. Nf3 exd4 9. Bb5+ c6 10. Bc4 b5 11. Bd3 dxc3 12. 0-0 Qa5 13. e5 Qa4 14. Qxc3 Nd7 15. Rb1 Be7 16. Bg5 Qa3 17. Rb3 Qc5 18. e6 Nf6 19. exf7+ Kf8 20. Qb2 Ng4 21. Bxe7+ Qxe7 22. Re1 Qf6 23. Qa3+ Kxf7 24. Bc4+ bxc4 25. Rxb7+ Kg6 26. Rbe7 1-0

[Event "Cheliabinsk Variation-A"]
[Site "Cheliabinsk"]
[Date "2022.04.06"]
[Round "6"]
[White "Bezzubenkov, Sergej"]
[Black "Vorobiov, Evgeny E"]
[Result "1/2-1/2"]
[WhiteElo "2255"]
[BlackElo "2475"]
[PlyCount "87"]
[EventDate "2022.04.01"]
[EventType "swiss"]
[EventRounds "9"]
[EventCountry "RUS"]
[SourceTitle "CBM 207 Extra"]
[Source "ChessBase"]
[SourceDate "2022.05.31"]
[SourceVersion "1"]
[SourceVersionDate "2022.05.31"]
[SourceQuality "1"]

1. e4 c5 2. Nf3 e6 3. d4 cxd4 4. Nxd4 Nf6 5. Nc3 d6 6. g3 Nc6 7. Bg2 Bd7 8. 0-0 Be7 9. Ndb5 Qb8 10. Bg5 a6 11. Bxf6 gxf6 12. Nd4 Nxd4 13. Qxd4 Qa7 14. Qd2 h5 15. h4 Rc8 16. Rfe1 b5 17. Ne2 Qc5 18. Nd4 Bd8 19. c3 Bc7 20. b4 Qb6 21. Rad1 Bb8 22. Re3 Ke7 23. Rf3 Rcg8 24. a4 bxa4 25. c4 Qc7 26. Qc3 e5 27. Nf5+ Bxf5 28. exf5 Rc8 29. c5 dxc5 30. Rfd3 Rhd8 31. bxc5 Rxd3 32. Qxd3 Rd8 33. Qxd8+ Qxd8 34. Rxd8 Kxd8 35. Bd5 Ke7 36. Kg2 a3 37. g4 hxg4 38. Kg3 e4+ 39. Kxg4 Ba7 40. Kf4 Bxc5 41. Kxe4 Bxf2 42. h5 Bh4 43. Ba2 Bg5 44. Bb3 1/2-1/2

[Event "Cheliabinsk Variation-A"]
[Site "Cheliabinsk"]
[Date "2022.04.02"]
[Round "2"]
[White "Balashov, Yuri S"]
[Black "Bezzubenkov, Sergej"]
[Result "1/2-1/2"]
[WhiteElo "2431"]
[BlackElo "2255"]
[PlyCount "133"]
[EventDate "2022.04.01"]
[EventType "swiss"]
[EventRounds "9"]
[EventCountry "RUS"]
[SourceTitle "CBM 207 Extra"]
[Source "ChessBase"]
[SourceDate "2022.05.31"]
[SourceVersion "1"]
[SourceVersionDate "2022.05.31"]
[SourceQuality "1"]

1. d4 Nf6 2. Nf3 b6 3. g3 Bb7 4. Bg2 g6 5. 0-0 Bg7 6. c4 0-0 7. Nc3 Ne4 8. Nxe4 Bxe4 9. Be3 d5 10. Qc1 Nc6 11. Rd1 Qd7 12. Qc3 Rad8 13. Rac1 a5 14. a3 a4 15. Ne1 Na5 16. cxd5 Bxg2 17. Nxg2 Nb3 18. Rc2 Qxd5 19. Qxc7 e5 20. Qxb6 exd4 21. Bf4 g5 22. Bc1 Rc8 23. Rxc8 Rxc8 24. Qa6 Rc7 25. Bxg5 Qxg5 26. Qa8+ Bf8 27. Qxa4 Qd5 28. Nf4 Qc4 29. Qa8 Nc1 30. Qf3 Re7 31. Qg4+ Kh8 32. Rxd4 Nxe2+ 33. Nxe2 Qxe2 34. Qc8 Re8 35. Rd8 Qd1+ 36. Rxd1 Rxc8 37. Rd5 Rc1+ 38. Kg2 Ra1 39. Kf3 h6 40. Rd8 Kg7 41. Rd3 Be7 42. b4 Ra2 43. h4 Kf6 44. g4 Kg6 45. Kg3 Ra1 46. h5+ Kf6 47. Kf4 Re1 48. Rd5 Re2 49. Kf3 Rb2 50. Ra5 Bd8 51. Rd5 Bc7 52. Rc5 Bd6 53. Ra5 Ke6 54. Ke3 f6 55. f4 Rg2 56. Kf3 Rg1 57. f5+ Kd7 58. Ra7+ Kc6 59. Rg7 Rg3+ 60. Ke4 Rxa3 61. Rg6 Ra4 62. Rxf6 Rxb4+ 63. Kf3 Rf4+ 64. Kg3 Rd4+ 65. Kf3 Rf4+ 66. Kg3 Rd4+ 67. Kf3 1/2-1/2

[Event "Cheliabinsk Variation Blitz"]
[Site "Cheliabinsk"]
[Date "2022.03.31"]
[Round "1"]
[White "Bezzubenkov, Sergej"]
[Black "Lobanov, Sergei"]
[Result "0-1"]
[WhiteElo "2198"]
[BlackElo "2534"]
[PlyCount "82"]
[EventDate "2022.03.31"]
[EventType "swiss (blitz)"]
[EventRounds "13"]
[EventCountry "RUS"]
[SourceTitle "CBM 207 Extra"]
[Source "ChessBase"]
[SourceDate "2022.05.31"]
[SourceVersion "1"]
[SourceVersionDate "2022.05.31"]
[SourceQuality "1"]

1. e4 c5 2. Nf3 Nc6 3. d4 cxd4 4. Nxd4 Nf6 5. Nc3 e5 6. Ndb5 Bb4 7. a3 Bxc3+ 8. Nxc3 d6 9. Bc4 h6 10. 0-0 Be6 11. Qd3 Rc8 12. Nb5 Ke7 13. Bxe6 fxe6 14. c4 a6 15. Nc3 Na5 16. c5 Nb3 17. cxd6+ Qxd6 18. Qxd6+ Kxd6 19. Rb1 Ke7 20. Be3 Ng4 21. Rfd1 Nxe3 22. fxe3 Rc4 23. Kf2 Rhc8 24. Ke2 Nc5 25. Rd2 Nxe4 26. Nxe4 Rxe4 27. Rbd1 Rc7 28. Rd8 Rec4 29. R1d2 e4 30. R8d4 Kf6 31. Rxc4 Rxc4 32. Rd4 Rc2+ 33. Rd2 Rc7 34. Kd1 Ke5 35. Rd8 a5 36. Ra8 Rc5 37. Kd2 b6 38. b4 axb4 39. axb4 Rc4 40. Ra7 Kf6 41. b5 Rc5 0-1

[Event "Cheliabinsk Panchenko Memorial op-A"]
[Site "Cheliabinsk"]
[Date "2021.09.19"]
[Round "8"]
[White "Kalegin, Evgenij"]
[Black "Bezzubenkov, Sergej"]
[Result "1/2-1/2"]
[WhiteElo "2401"]
[BlackElo "2174"]
[PlyCount "77"]
[EventDate "2021.09.13"]
[EventType "swiss"]
[EventRounds "10"]
[EventCountry "RUS"]
[SourceTitle "CBM 204 Extra"]
[Source "ChessBase"]
[SourceDate "2021.11.30"]
[SourceVersion "1"]
[SourceVersionDate "2021.11.30"]
[SourceQuality "1"]

1. e4 e5 2. Nf3 Nc6 3. Bb5 a6 4. Ba4 Nf6 5. d3 d6 6. c4 g6 7. Nc3 Bg7 8. Nd5 h6 9. Nb4 Bd7 10. Nxc6 bxc6 11. c5 0-0 12. 0-0 Re8 13. Re1 Rb8 14. b3 d5 15. Bb2 d4 16. Nd2 Nh7 17. Rc1 Qg5 18. Rc2 f5 19. exf5 gxf5 20. Nf3 Qh5 21. Rce2 Ng5 22. Rc2 Nxf3+ 23. Qxf3 Qxf3 24. gxf3 f4 25. Kf1 Kf7 26. Bc1 Bf6 27. Bd2 Rg8 28. b4 Bh3+ 29. Ke2 Rg2 30. Bxc6 Bh4 31. Rf1 Rxh2 32. Rcc1 Bxf1+ 33. Rxf1 Rg2 34. a4 Ke6 35. a5 Rgg8 36. Rh1 Bg5 37. Kd1 Rb5 38. Bxb5 axb5 39. Ke2 1/2-1/2

[Event "Cheliabinsk Panchenko Memorial op-A"]
[Site "Cheliabinsk"]
[Date "2021.09.16"]
[Round "4"]
[White "Lisenkov, Svyatoslav"]
[Black "Bezzubenkov, Sergej"]
[Result "0-1"]
[WhiteElo "1964"]
[BlackElo "2174"]
[PlyCount "76"]
[EventDate "2021.09.13"]
[EventType "swiss"]
[EventRounds "10"]
[EventCountry "RUS"]
[SourceTitle "CBM 204 Extra"]
[Source "ChessBase"]
[SourceDate "2021.11.30"]
[SourceVersion "1"]
[SourceVersionDate "2021.11.30"]
[SourceQuality "1"]

1. e4 c5 2. Nf3 d6 3. d4 cxd4 4. Nxd4 Nf6 5. Nc3 a6 6. f3 e6 7. Be3 b5 8. a3 Bb7 9. Qd2 Nbd7 10. g4 Nb6 11. 0-0-0 Nfd7 12. g5 Rc8 13. h4 Ne5 14. f4 Nec4 15. Qe1 Qc7 16. f5 e5 17. Nf3 Nxb2 18. Bxb6 Qxc3 19. Qxc3 Rxc3 20. Kxb2 Rxf3 21. Bd3 h6 22. gxh6 Rxh6 23. h5 Be7 24. Rdg1 Bf6 25. Rh2 d5 26. Be2 Rf4 27. exd5 e4+ 28. Kb1 Rxf5 29. d6 Be5 30. Rhg2 Rxd6 31. Bc7 Rd2 32. Bxe5 Rxe5 33. h6 gxh6 34. Rg8+ Ke7 35. Rb8 Bd5 36. Bg4 Rg5 37. Kc1 Rd4 38. c3 Rd3 0-1

[Event "Satka Magnezit 120 op"]
[Site "Satka"]
[Date "2021.07.12"]
[Round "9"]
[White "Pankov, Daniil"]
[Black "Bezzubenkov, Sergej"]
[Result "1-0"]
[WhiteElo "1976"]
[BlackElo "2178"]
[PlyCount "137"]
[EventDate "2021.07.06"]
[EventType "swiss"]
[EventRounds "9"]
[EventCountry "RUS"]
[SourceTitle "CBM 203 Extra"]
[Source "ChessBase"]
[SourceDate "2021.09.30"]
[SourceVersion "1"]
[SourceVersionDate "2021.09.30"]
[SourceQuality "1"]

1. e4 e5 2. Nf3 Nc6 3. Bb5 a6 4. Ba4 Nf6 5. Bxc6 dxc6 6. d3 Nd7 7. 0-0 Bd6 8. Nbd2 b5 9. a4 Nc5 10. b3 0-0 11. Bb2 f6 12. d4 exd4 13. Nxd4 Bd7 14. Qh5 Qe8 15. Qh4 g5 16. Qh6 Qg6 17. Qxg6+ hxg6 18. Rfe1 g4 19. Nf1 bxa4 20. bxa4 Nxa4 21. Rxa4 c5 22. Ra2 cxd4 23. Bxd4 Kf7 24. Rea1 Bc8 25. Ne3 Rd8 26. Bc3 Re8 27. Ra4 Rb8 28. Nd5 f5 29. f3 g3 30. hxg3 Bxg3 31. Be1 Be5 32. Bc3 Bg3 33. Be1 Bd6 34. Bb4 c5 35. Bc3 Ke6 36. Kf2 Rf8 37. Rd1 Rb5 38. e5 Bxe5 39. Bxe5 Kxe5 40. f4+ Kd6 41. Nc3+ Kc6 42. Nxb5 axb5 43. Ra8 b4 44. Ke3 Re8+ 45. Kd2 Kb7 46. Rda1 Re4 47. g3 Be6 48. R1a6 Bd5 49. R8a7+ Kb8 50. Rd7 Be6 51. Re7 Rd4+ 52. Ke1 Re4+ 53. Kf2 Bd5 54. Rb6+ Kc8 55. Rxe4 Bxe4 56. Rb5 Kc7 57. Rxc5+ Kb6 58. Rc4 Kb5 59. Rc8 Ka4 60. Ke3 Ka3 61. Kd2 Ka4 62. Rg8 Kb5 63. Rxg6 Kc5 64. g4 fxg4 65. Rxg4 Kd5 66. Rg5+ Kc4 67. f5 Kd5 68. f6+ Ke6 69. Re5+ 1-0

[Event "Satka Magnezit 120 op"]
[Site "Satka"]
[Date "2021.07.07"]
[Round "3"]
[White "Ermakov, Maxim"]
[Black "Bezzubenkov, Sergej"]
[Result "1-0"]
[WhiteElo "1758"]
[BlackElo "2178"]
[PlyCount "39"]
[EventDate "2021.07.06"]
[EventType "swiss"]
[EventRounds "9"]
[EventCountry "RUS"]
[SourceTitle "CBM 203 Extra"]
[Source "ChessBase"]
[SourceDate "2021.09.30"]
[SourceVersion "1"]
[SourceVersionDate "2021.09.30"]
[SourceQuality "1"]

1. d4 f5 2. Nc3 d5 3. g3 Nf6 4. Bg2 e6 5. Nf3 Be7 6. 0-0 0-0 7. Bg5 h6 8. Bxf6 Bxf6 9. Ne5 c5 10. e3 Bxe5 11. dxe5 Nd7 12. f4 a6 13. g4 Qh4 14. gxf5 Rxf5 15. Rf3 Qg4 16. Nxd5 exd5 17. Qxd5+ Kh8 18. Rg3 Qh5 19. Be4 Nf6 20. exf6 1-0

[Event "Urals-ch"]
[Site "Khanty-Mansiysk"]
[Date "2021.03.18"]
[Round "8"]
[White "Rozhkov, Viacheslav"]
[Black "Bezzubenkov, Sergej"]
[Result "0-1"]
[WhiteElo "2239"]
[BlackElo "2215"]
[PlyCount "98"]
[EventDate "2021.03.11"]
[EventType "swiss"]
[EventRounds "9"]
[EventCountry "RUS"]
[SourceTitle "CBM 201 Extra"]
[Source "ChessBase"]
[SourceDate "2021.05.31"]
[SourceVersion "1"]
[SourceVersionDate "2021.05.31"]
[SourceQuality "1"]

1. e4 e5 2. Nf3 Nc6 3. d4 exd4 4. Nxd4 Nf6 5. Nc3 Bb4 6. Nxc6 bxc6 7. Bd3 d5 8. exd5 cxd5 9. 0-0 0-0 10. h3 h6 11. Qf3 c5 12. Na4 c4 13. c3 Bd6 14. Bc2 Bb7 15. Be3 d4 16. Qxb7 dxe3 17. fxe3 Qe8 18. Qf3 Qe5 19. Qf4 Qe6 20. Qf3 Qe5 21. Rad1 Qh2+ 22. Kf2 Rfe8 23. Rd4 Rac8 24. Ke2 Be5 25. Kd1 Bxd4 26. cxd4 Re7 27. Nc3 Rce8 28. Re1 Qd6 29. Kc1 a6 30. g4 Rb8 31. h4 Reb7 32. Na4 c3 33. b3 Qa3+ 34. Kd1 Qxa2 35. Nc5 Rb5 36. g5 Rxc5 37. gxf6 g6 38. Qf4 Rxb3 39. Qe4 Rb1+ 40. Ke2 Rxe1+ 41. Kxe1 Qa1+ 42. Ke2 Rc8 43. Qg4 Rc7 44. h5 Qb2 45. Kd1 Qb5 46. Qf3 Qxh5 47. Qxh5 gxh5 48. e4 h4 49. e5 Rd7 0-1